Les présidents français de la 5ème république. - Statistiques

Statistiques générales
  • Ce quiz a été pris 117 fois
  • Le résultat moyen est 8 sur 8
Statistiques - réponses
Hint Réponse % Correct
2017-2026 Emmanuel Macron
100%
2012-2017 François Hollande
100%
1959-1969 Charles De Gaulle
99%
2007-2012 Nicolas Sarkozy
99%
1981-1995 François Mitterrand
98%
1995-2007 Jacques Chirac
98%
1974-1981 Valéry Giscard d'Estaing
97%
1969-1974 Georges Pompidou
92%
Aucun quiz correspondant
Distribution des résultats
% des personnes avec chaque résultat
Percentile par nombre de réponses
Votre historique - résultats
Vous n’avez pas pris ce quiz